Statystyki dla Państwa Azji z pustą mapą

Kliknij tutaj aby rozwiązać quiz!

Ogólne statystyki

  • Ten quiz został rozwiązany 18 298 razy
  • Średni wynik to 38 z 48

Odpowiedzi na mapie

Odpowiedzi skodowane kolorowo w zielono-czerwonej skali na mapie do tego quizu, zgodnie z poniższymi procentami.
 

Statystyki odpowiedzi

Państwo% Poprawnych
Chiny
99%
Indie
95%
Japonia
95%
Iran
92%
Korea Północna
92%
Korea Południowa
92%
Irak
91%
Mongolia
91%
Arabia Saudyjska
90%
Kazachstan
90%
Indonezja
89%
Pakistan
88%
Afganistan
87%
Turcja
86%
Izrael
85%
Uzbekistan
85%
Wietnam
85%
Nepal
84%
Oman
84%
Tadżykistan
84%
Tajlandia
84%
Jemen
83%
Gruzja
82%
Turkmenistan
82%
Armenia
81%
Azerbejdżan
81%
Kirgistan
81%
Laos
80%
Bangladesz
78%
Katar
78%
Syria
78%
Bhutan
77%
Zjednoczone Emiraty Arabskie
77%
Jordania
76%
Malezja
76%
Kambodża
75%
Mjanma
75%
Sri Lanka
75%
Tajwan
73%
Filipiny
72%
Singapur
69%
Kuwejt
67%
Liban
66%
Bahrajn
65%
Malediwy
61%
Timor Wschodni
59%
Brunei
58%
Cypr
58%

Rozkład punktacji

Percentyl według liczby udzielonych odpowiedzi

Procent ludzi z każdym wynikiem

Twoja historia wyników

Nie rozwiązałeś tego quizu